000 01653nam a22002537a 4500
003 OSt
005 20250416092901.0
008 220323s2019 ck ||||er|||| 00| f spa d
020 _a9789584239440
040 _aCO-JMCR
_cCO-JMCR
041 0 _aspa
082 0 4 _aA-N
_bMENu
100 1 _aMendoza, Mario,
_eautor
_9172
245 1 0 _aUna escalera al cielo /
_cMario Mendoza
250 _aNovena edición.
260 _aBogotá :
_bPlaneta,
_c2019.
300 _a216 páginas ;
_c24 cm.
500 _aIncluye datos biográficos del autor en solapa posterior.
505 0 _aLa fiesta. -- Historia en la habitación 804. -- Salón de belleza al atardecer. -- Una escalera al cielo. -- Ésta es tu noche. -- El mago. -- La revolución. -- La prueba. -- Leonardo Sinisterra. -- El enigma. -- El asesino. -- Cuento de navidad. -- La vorágine. -- El bailarín. -- El segundo aire.
520 3 _aUn secreto carcome el alma de su poseedor, un personaje encuentra a su autor, en un hombre desilusionado renace la esperanza tras el contacto con la muerte, una mujer en estado de coma conoce el amor, una visión de la muerte desliga a dos amantes... Estas son imágenes instantáneas de la vida de y mujeres atrapados por un destino y una ciudad, especie de condenados que de vez en cuando alcanzan a tomar las riendas de su existencia. En Una escalera al cielo, Mario Mendoza se reencuentra con el cuento, un género por el cual en 1995 había recibido el Premio Nacional de Literatura del Instituto Distrital de Cultura y Turismo por La travesía del vidente.
650 1 4 _aNovela Colombiana
650 2 4 _aFicción
_zColombia
_941993
942 _2ddc
_cBK
999 _c15846
_d15846